|
|
|
|
| LEADER |
00860nam a22002172a 4500 |
| 001 |
000904806 |
| 003 |
CZ BrMZK |
| 005 |
20111025151400.0 |
| 007 |
ta |
| 008 |
080714s1988 pl er|||||||||||pol d |
| 040 |
|
|
|a BOA001
|b cze
|
| 100 |
1 |
|
|a Kobyliński, Władysław
|7 mzk2011666900
|4 aut
|
| 245 |
1 |
0 |
|a Elementy metodyki pisania pracy dyplomowej :
|b poradnik organizacyjnyi metodiczny dla słuchczy podyplomowego studium organizacji i zarzadzania oswiata /
|c Władysław Kobyliński, Tadeusz Kowalski
|
| 260 |
|
|
|a Warszawa :
|b Inst. Kształcenia naucz. im W. Spasowskiego,
|c 1988
|
| 300 |
|
|
|a 256 s.
|
| 504 |
|
|
|a Obsahuje bibliografii
|
| 700 |
1 |
|
|a Kowalski, Tadeusz,
|d 1889-1948
|7 ola2007404679
|4 aut
|
| 910 |
|
|
|a BOA001
|b PK-0108.615
|
| 990 |
|
|
|a BK
|
| 991 |
|
|
|b 200807
|
| 996 |
6 |
|
|b BC-591237
|c PK-0108.615
|l MZK
|r Sklad / do 1 hodiny
|n 0
|w 001069023
|u 000010
|a 1
|e BOA001
|j MZK50
|s P
|